000 00490nam a2200181Ia 4500
008 240925s9999 xx 000 0 und d
020 _a9781846683411
082 _a658.15244 TEN
100 _aTennent, John
245 0 _aGuide to Cash Mangement: how to avoid a business credit crunch
250 _a1st
260 _aNew York:
_bDelmar Publishers
_c,2012.
300 _a550p.
_bNA
_fOriginal
500 _aIncludes Index
600 _aManagement
650 _aManagement
942 _cBK
999 _c15181
_d15181